Project Management Insight (Record no. 119621)
[ view plain ]
| 000 -LEADER | |
|---|---|
| fixed length control field | 00561cam a2200145 4500 |
| 001 - CONTROL NUMBER | |
| control field | L108087 |
| 008 - FIXED-LENGTH DATA ELEMENTS--GENERAL INFORMATION | |
| fixed length control field | 000000n 000 0 eng u |
| 035 ## - SYSTEM CONTROL NUMBER | |
| System control number | (Sirsi) u108087 |
| 041 ## - LANGUAGE CODE | |
| Language code of text/sound track or separate title | eng |
| 245 ## - TITLE STATEMENT | |
| Title | Project Management Insight |
| 520 ## - SUMMARY, ETC. | |
| Summary, etc. | Online newsletter by Project Management International plc. Currently has 6 issues online including articles on making PFI work and the joys of moving office. |
| 690 ## - LOCAL SUBJECT ADDED ENTRY--TOPICAL TERM (OCLC, RLIN) | |
| Topical term or geographic name as entry element | Project management |
| 9 (RLIN) | 6261 |
| 856 40 - ELECTRONIC LOCATION AND ACCESS | |
| Uniform Resource Identifier | <a href="https://opmi.pminsight.org.uk">https://opmi.pminsight.org.uk</a> |
| Public note | View the website free of charge at opmi.pminsight.org.uk... |
| 942 ## - ADDED ENTRY ELEMENTS (KOHA) | |
| Suppress in OPAC | 0 |
| Withdrawn status | Lost status | Source of classification or shelving scheme | Damaged status | Not for loan | Home library | Current library | Shelving location | Date acquired | Total Checkouts | Full call number | Barcode | Date last seen | Copy number | Price effective from | Koha item type |
|---|---|---|---|---|---|---|---|---|---|---|---|---|---|---|---|
| Dewey Decimal Classification | Virtual | Virtual | Online | 30/08/2000 | WEB SITE | 108087-2001 | 06/08/2019 | 1 | 06/08/2019 | Online material |